[Event "Ville d'Orsay online Blitz"]
[Site "Europe Echecs INT"]
[Date "2021.02.07"]
[Round "7"]
[White "Badmatsyrenov, Oleg"]
[Black "Ababou, Nessim"]
[Result "1-0"]
[WhiteElo "2437"]
[BlackElo "2053"]
[PlyCount "67"]
[EventDate "2021.02.07"]
[EventType "swiss (blitz)"]
[EventRounds "11"]
[EventCountry "FRA"]
[SourceTitle "CBM 200 Extra"]
[Source "ChessBase"]
[SourceDate "2021.03.31"]
[SourceVersion "1"]
[SourceVersionDate "2021.03.31"]
[SourceQuality "1"]

1. e4 e5 2. Nc3 Nc6 3. f4 Nf6 4. fxe5 Nxe5 5. d4 Ng6 6. e5 Ng8 7. Nf3 Bb4 8. Bc4 N8e7 9. 0-0 0-0 10. Ng5 d5 11. exd6 Qxd6 12. Nxf7 Qc6 13. Ne5+ Qxc4 14. Rxf8+ Nxf8 15. Nxc4 Be6 16. Ne5 Rd8 17. Qe2 Rxd4 18. Nf3 Rd8 19. Bg5 h6 20. Bxe7 Bxe7 21. Rd1 Re8 22. Kh1 Bf6 23. Qb5 Bd7 24. Rxd7 Nxd7 25. Qxd7 Rd8 26. Qe6+ Kh8 27. Nd5 Bxb2 28. g3 c6 29. Nf4 Bf6 30. Nh5 Bc3 31. Nh4 Rd5 32. Ng6+ Kh7 33. Ne7 Rg5 34. Qg8# 1-0

[Event "FRA-ch U20"]
[Site "La Roche sur Yon"]
[Date "2008.04.27"]
[Round "9"]
[White "Vernay, Clovis"]
[Black "Ababou, Nessim"]
[Result "1-0"]
[WhiteElo "2348"]
[BlackElo "2063"]
[PlyCount "66"]
[EventDate "2008.04.21"]
[EventType "swiss"]
[EventRounds "9"]
[EventCountry "FRA"]
[SourceTitle "EXT 2010"]
[Source "ChessBase"]
[SourceDate "2010.11.25"]
[SourceVersion "1"]
[SourceVersionDate "2010.11.25"]
[SourceQuality "1"]

1. d4 d5 2. c4 e6 3. Nc3 Nf6 4. cxd5 exd5 5. Bg5 Be7 6. e3 c6 7. Bd3 0-0 8. Qc2 Nbd7 9. Nge2 Re8 10. 0-0 Nf8 11. f3 Nh5 12. Bxe7 Rxe7 13. Qd2 g6 14. Rad1 Ng7 15. e4 Nfe6 16. Bc2 b6 17. b4 Nc7 18. e5 h5 19. Rc1 Bf5 20. Nd1 c5 21. bxc5 bxc5 22. Bxf5 Nxf5 23. Rxc5 Ne6 24. Rb5 a6 25. Rb1 Rc8 26. Ne3 Nxe3 27. Qxe3 Rc4 28. f4 Ng7 29. f5 Nxf5 30. Rxf5 gxf5 31. Qg5+ Kf8 32. Nf4 Qc8 33. Qh6+ Ke8 1-0

[Event "Nantes op 5th"]
[Site "Nantes"]
[Date "2006.12.30"]
[Round "9"]
[White "Wirig, Anthony"]
[Black "Ababou, Nessim"]
[Result "1-0"]
[WhiteElo "2439"]
[BlackElo "2023"]
[PlyCount "43"]
[EventDate "2006.12.26"]
[EventType "swiss"]
[EventRounds "9"]
[EventCountry "FRA"]
[SourceTitle "CBM 116 Extra"]
[Source "ChessBase"]
[SourceDate "2007.03.07"]
[SourceVersion "1"]
[SourceVersionDate "2007.03.07"]
[SourceQuality "1"]

1. d4 d5 2. Nf3 Nf6 3. c4 e6 4. Nc3 c6 5. Qb3 Nbd7 6. g3 Bd6 7. Bf4 Qc7 8. e3 dxc4 9. Bxc4 Nb6 10. Bxd6 Qxd6 11. e4 Qe7 12. 0-0 0-0 13. Rfe1 Qc7 14. Bf1 c5 15. Nb5 Qe7 16. Nxa7 Nbd7 17. Nxc8 Rfxc8 18. d5 exd5 19. e5 c4 20. Qxb7 Qc5 21. exf6 Ra7 22. b4 1-0

[Event "FRA-ch U14"]
[Site "Hyeres"]
[Date "2002.??.??"]
[Round "3.5"]
[White "Soyez, Cyril"]
[Black "Ababou, Nessim"]
[Result "1-0"]
[WhiteElo "2073"]
[BlackElo "1950"]
[PlyCount "65"]
[EventDate "2002.04.05"]
[EventType "swiss"]
[EventRounds "9"]
[EventCountry "FRA"]
[SourceTitle "EXT 2003"]
[Source "ChessBase"]
[SourceDate "2002.11.25"]
[SourceVersion "1"]
[SourceVersionDate "2002.11.25"]
[SourceQuality "1"]

1. c4 e5 2. g3 Nf6 3. Bg2 Nc6 4. d3 d5 5. cxd5 Nxd5 6. Nf3 Bb4+ 7. Bd2 Bxd2+ 8. Qxd2 0-0 9. Nc3 Nb6 10. 0-0 f6 11. Rfd1 Be6 12. b3 Nd4 13. Qb2 c5 14. e3 Nxf3+ 15. Bxf3 Nd5 16. d4 cxd4 17. exd4 Nxc3 18. Qxc3 Qb6 19. d5 Bf5 20. d6 Rac8 21. Bd5+ Kh8 22. Qe3 Qxe3 23. fxe3 b6 24. Bb7 Rc3 25. Rac1 Rxc1 26. Rxc1 Rd8 27. d7 Rg8 28. Rc7 h6 29. Kf2 Rd8 30. Rc8 Rxc8 31. Bxc8 Bxd7 32. Bxd7 g6 33. Kf3 1-0